Kádár János elvtárs a textilművekben és Vásárhelyen

Elmentve itt :
Bibliográfiai részletek
Szerzők: Enyedi Zoltán
Liebmann Béla
Dokumentumtípus: Cikk
Megjelent: 1964-02-07
Sorozat:Délmagyarország 54 No. 31
Kulcsszavak:Kádár János, Komócsin Zoltán, Móczán Lajos, Pullai Árpád, Politikusi látogatás Csongrád megye 1964, Hódmezővásárhely, Szeged, hazai politikusok látogatásai
Online Access:http://dmarchiv.bibl.u-szeged.hu/71216
LEADER 00673nab a2200169 i 4500
001 delm71216
005 20180928082422.0
008 180928s1964 hu o 0|| hun d
040 |a SZTE Délmagyarország Archívum  |b hun 
041 |a hun 
100 1 |a Enyedi Zoltán 
245 1 0 |a Kádár János elvtárs a textilművekben és Vásárhelyen  |h [elektronikus dokumentum] /  |c  Enyedi Zoltán 
260 |c 1964-02-07 
300 |a 1 
490 0 |a Délmagyarország  |v 54 No. 31 
695 |a Kádár János, Komócsin Zoltán, Móczán Lajos, Pullai Árpád, Politikusi látogatás Csongrád megye 1964, Hódmezővásárhely, Szeged, hazai politikusok látogatásai 
700 0 1 |a Liebmann Béla  |e aut